000 02270nam0a2200361 4500
001 RU\NLR\BIBL_A\011918492
005 20250626151724.0
020 _aRU
_b[5725]
_9Сводный каталог листовок первых лет Советской власти (25 октября (7 ноября) 1917 - 1925). Листовки партийных, советских, военных, профсоюзных, комсомольских и других организаций Украинской ССР, Белорусской ССР, Закавказских и Среднеазиатских Pеспублик
035 _a(NLR Aleph) 011918492
090 _a10978028
_c10978028
100 _a20171207d1922 |||y0rusy50 ca
101 0 _arus
102 _aRU
105 _ay z 000zy
135 _acrcn 024apada
200 1 _aПриказ № 3/49 Каменецкого уисполкома о взносах на социальное обеспечение ... мая 1922 г.
_e[листовка]
210 _aКаменец
_cГостип.
_d[1922, май]
215 _a1 с.
_d30х18
300 _aПодписи: предуисполкома Буценко; зав. Усобезом Сиротюк; секретарь Энтелис
325 1 _aКопия доступна в Электронной библиотеке РНБ
702 1 _4720
_7ca
_8rus
_aБуценко
_bА. И.
_cгос. и парт. деятель
_f1889-1965
_gАфанасий Иванович
_9210329
_3RU\NLR\AUTH\770210383
702 1 _aСиротюк
_cучастник установления советской власти, г. Каменец-Подольск
_4720
702 1 _aЭнтелис
_cучастник установления советской власти, г. Каменец-Подольск
_4720
710 0 2 _aКаменецкий уездный исполнительный комитет Советов
_9652880
_3RU\NLR\AUTH\880496485
852 _aNLR
_bФЛ
_j59/9
942 _cBOOK
980 _aNB
981 2 1 _a(21) Листовки
_b(21) Листовки 1922 года